Anomálie na akciových trzích
Pohyb akciových kurzov býva opakovane poznamenaný a determinovaný istými efektami, zvláštnymi situáciami - tzv. anomáliami na akciovom trhu. Objasnenie najvýznamnejších efektov anomálií.
Salvato in:
| Autore principale: | |
|---|---|
| Natura: | Capitolo di libro |
| Lingua: | ceco |
| Soggetti: | |
| Tags: |
Nessun Tag, puoi essere il primo ad aggiungerne!!
|
MARC
| LEADER | 00000naa a2200000 4500 | ||
|---|---|---|---|
| 001 | r020727 | ||
| 005 | 20230908090444.9 | ||
| 041 | 0 | |a cze | |
| 044 | |a CZ | ||
| 245 | 1 | 0 | |a Anomálie na akciových trzích |c J. Veselá |
| 520 | |a Pohyb akciových kurzov býva opakovane poznamenaný a determinovaný istými efektami, zvláštnymi situáciami - tzv. anomáliami na akciovom trhu. Objasnenie najvýznamnejších efektov anomálií. | ||
| 610 | 2 | 0 | |a akcie |
| 610 | 2 | 0 | |a burzy |
| 610 | 2 | 0 | |a trh finančný |
| 610 | 2 | 0 | |a papiere cenné |
| 610 | 2 | 0 | |a kurz burzový |
| 610 | 2 | 0 | |a pojmy |
| 610 | 2 | 0 | |a makléri |
| 100 | 1 | |a Veselá, Jitka | |